000 00433nam a2200169Ia 4500
008 170705s9999 xx 000 0 und d
020 _a9780439866361
245 _aApril foolishness /
245 _cby Teresa Bateman ; illustrated by Nadine Bernard Westcott.
260 _aNew York :
260 _bScholastic,
260 _c2004
300 _aunpaged :
300 _bcolor illustration ;
300 _c21cm.
500 _a440
999 _c337336
_d337336